Statystyki dla Sentino - Fenix

Kliknij tutaj aby rozwiązać quiz!

Ogólne statystyki

  • Ten quiz został rozwiązany 24 razy
  • Średni wynik to 8 z 11

Statystyki odpowiedzi

NumerTytuł% Poprawnych
2Fenix
100%
4Givenchy
88%
11Halo Policja
88%
10Lustro
79%
1Architekt Zbrodni
75%
8Oko
75%
99.2 Moc
71%
66 A.M.
67%
7Rey De Los Cielos
67%
5Uzi
63%
3Sauce
58%

Rozkład punktacji

Percentyl według liczby udzielonych odpowiedzi

Procent ludzi z każdym wynikiem

Twoja historia wyników

Nie rozwiązałeś tego quizu